40 Countries by Emojis - Statistics

General Stats
  • This quiz has been taken 207 times
  • The average score is 18 of 40
Answer Stats
Emojis Answer % Correct
๐Ÿ—ป๐Ÿฃโ›ฉ๏ธ Japan
98%
๐Ÿฆ˜๐ŸŒž๐Ÿœ๏ธ Australia
97%
๐Ÿ๐Ÿž๏ธ๐Ÿป Canada
93%
๐ŸŽญ๐Ÿ๐Ÿ• Italy
91%
๐ŸŽฉโ˜˜๏ธ๐Ÿบ Ireland
90%
๐ŸŒฎ๐Ÿช‡๐Ÿช… Mexico
88%
๐Ÿฐ๐Ÿบ๐ŸŒญ Germany
87%
๐Ÿ”๏ธ๐Ÿง€๐Ÿ„ Switzerland
74%
๐Ÿ”๐Ÿ—ฝ๐Ÿฆ… United States of America
68%
๐ŸŽฉ๐Ÿง›๐Ÿฐ Romania
63%
๐Ÿ’‚๐Ÿฐโ˜” United Kingdom
62%
๐ŸŒท๐Ÿšฒ๐Ÿง€ Netherlands
57%
๐Ÿ—ฟ๐ŸŒŠ๐Ÿง Chile
53%
๐Ÿฅ˜๐ŸŽถโšฝ Spain
52%
๐Ÿง‡๐ŸŸ๐Ÿซ Belgium
51%
๐Ÿป๐Ÿช†๐Ÿฐ Russia
51%
๐Ÿ˜๐ŸŒด๐Ÿ› India
49%
๐Ÿ•Œ๐Ÿ•‹๐Ÿช Saudi Arabia
47%
โšฝ๐Ÿฆœ๐ŸŽ‰ Brazil
45%
๐Ÿช๐Ÿœ๏ธ๐Ÿ•Œ Egypt
45%
๐Ÿ”๏ธ๐Ÿฆ™๐Ÿชถ Peru
43%
๐ŸŒ‹โ„๏ธ๐Ÿ‹ Iceland
42%
๐ŸŽฎ๐ŸŽค๐Ÿš South Korea
40%
โšฝ๐Ÿ’ƒ๐Ÿท Argentina
36%
๐ŸŽ๏ธ๐ŸŽฐ๐Ÿ’Ž Monaco
32%
๐Ÿฐ๐ŸŽป๐Ÿ”๏ธ Austria
31%
๐Ÿ•๐Ÿท๐Ÿช• Israel
25%
๐ŸŒ‹๐Ÿ๏ธ๐ŸŒบ Indonesia
24%
๐ŸŒฒ๐ŸŽฟ๐Ÿป Finland
22%
๐ŸŽ๐Ÿน๐Ÿ•๏ธ Mongolia
22%
๐Ÿฆ’๐Ÿž๏ธ๐Ÿ› Tanzania
20%
๐Ÿฆ๐Ÿ†๐Ÿท South Africa
18%
๐Ÿž๏ธ๐ŸŽฟ๐ŸŽธ Sweden
16%
โ›ชโšœ๏ธ๐Ÿ“œ Vatican City
16%
๐Ÿ’๐Ÿ๏ธ๐ŸฆŽ Madagascar
15%
๐Ÿ›ธ๐ŸŽ๐ŸŒพ Kazakhstan
7%
๐Ÿธ๐Ÿฆฅ๐ŸŒŠ Costa Rica
5%
๐Ÿงฟ๐Ÿต๐Ÿ•Œ Morocco
5%
๐Ÿ›๏ธโ˜•๐Ÿฆ Ethiopia
3%
๐ŸŒถ๏ธ๐Ÿฒ๐ŸŒ‰ Hungary
0%
No matching quizzes found
Score Distribution
Percent of People with Each Score
Percentile by Number Answered
Your Score History
You have not taken this quiz